| Поле | Инд. | ПП | Название | Значение |
|---|---|---|---|---|
| Тип записи | a | |||
| Библиографический уровень | m | |||
| 001 | Контрольный номер | 09933d2086a04255ae5f4f4d1a3d30ce | ||
| 005 | Дата корректировки | 20250725140921.5 | ||
| 020 | a | ISBN | 978-5-04-205097-8 | |
| c | Цена, тираж | 530-00 | ||
| 084 | a | Индекс другой классификации/Индекс ББК | 84(2=411.2)6 | |
| 090 | a | Полочн. индекс | 84(2=411.2)6 | |
| c | Каталожный индекс | 84(2=411.2)6 | ||
| x | Авторский знак | Х 15 | ||
| 091 | i | Возрастная адресация (DOS) | 18+ | |
| 097 | b | Оператор | Кондратьева; Максимова | |
| 100 | 1_ | a | Автор | Хайт М. |
| q | Полное имя | Хайт Мария | ||
| 245 | 10 | a | Заглавие | Ты - мой главный соперник |
| b | Продолж. заглавия | [18+] | ||
| 260 | a | Место издания | Москва | |
| b | Издательство | Эксмо | ||
| c | Дата издания | 2025 | ||
| 300 | a | Объем | 352 с. | |
| 440 | _0 | a | Серия | Young Adult. Молодежная российская романтическая проза |
| 900 | a | Имя макрообъекта | о15697211 | |
| 901 | t | Тип документа | m |